Kaviarničky pre každého

Podrobná bibliografia
Hlavný autor: (wa) (Author)
Médium: Článok
Jazyk:Slovak
Témy:
Zdroj: 1. Lúč 1. Roč. 2, č. 18(1993), dát. 0123, s. 5
LEADER 00726nab#a2200301#ar4500
001 000016639
003 SVKKK
005 00000000000000.0
008 c xo e sloo
FMT
038 |a SVKKK 
040 |a SVKKK  |b slo  |e AACR2 
041 0 |a slo 
044 |a xo  |c SK 
080 |a 71  |2 1981 
090 |a [KŠK K] 
100 0 |a (wa)  |4 aut 
245 1 0 |a Kaviarničky pre každého  |c (wa) , 
650 0 4 |a rezervácie pamiatkové mestské  |z Kežmarok (PP)  |x dejiny  |x súčasnosť  |x informácie 
773 0 |t Lúč  |g Roč. 2, č. 18(1993), dát. 0123, s. 5 
957 |a Kežmarok 
958 |a PP 
958 |a RE 
974 |d 980206  |a Čr 
992 |a RBX 
BAS
852 |a SVKKK  |b BIB 
998 |a REG